Hydrodynamika podzemných vôd : Celoživotné vzdelávanie v stavebníctve a geodézii. Kurz č.22 - časť 2
Saved in:
| Main Authors: | , |
|---|---|
| Format: | Book |
| Language: | Slovak |
| Published: |
Bratislava :
STU v Bratislave,
2006
|
| Tags: |
No Tags, Be the first to tag this record!
|
MARC
| LEADER | 00000nam a22000003a 4500 | ||
|---|---|---|---|
| 001 | stu133854 | ||
| 005 | 20221212122424.0 | ||
| 008 | 061228s2006----xo------------------slo-d | ||
| 020 | |a 80-227-2558-7 | ||
| 040 | |a STU |b slo | ||
| 041 | 0 | |a slo | |
| 044 | |a xo | ||
| 100 | 1 | |a Šoltész, Andrej, |d 1957- |4 aut |u V170 |9 50 |U SvF Stavebná fakulta |T SvF Katedra hydrotechniky |X 645 |U V170 |Y 17 |7 A000000645 | |
| 245 | 1 | |a Hydrodynamika podzemných vôd : |b Celoživotné vzdelávanie v stavebníctve a geodézii. Kurz č.22 - časť 2 | |
| 260 | |a Bratislava : |b STU v Bratislave, |c 2006 | ||
| 700 | 1 | |a Baroková, Dana, |d 1963- |4 aut |u V170 |9 50 |U SvF Stavebná fakulta |T SvF Katedra hydrotechniky |X 2742 |U V170 |Y 17 |7 A000002742 | |
| 996 | |b 284V033447 |c V*315/A |l VVT |s A |a 24 |w stu133854_0002 | ||
| 996 | |b 284V036394 |c V*527/A |l VVS |s A |a 24 |w stu133854_0003 | ||